logo

Bir Sreshtho Munshi Abdur Rouf Library
Jhenaidah Cadet College

আধুনিক ইউরোপের পরিচয় (১৪৫৩-১৯৪৭) / (Record no. 9374)

MARC details
000 -LEADER
fixed length control field 00677nam a2200217 a 4500
001 - CONTROL NUMBER
JCCL Control Number 9374
003 - CONTROL NUMBER IDENTIFIER
JCCL marc code BD-JhCC
005 - DATE AND TIME OF LATEST TRANSACTION
control field 20180527095908.0
008 - FIXED-LENGTH DATA ELEMENTS--GENERAL INFORMATION
fixed length control field 180313s1964 bg |||| ||a| 000 0 b d
035 ## - SYSTEM CONTROL NUMBER
system control number (BD-JhCC)9374
040 ## - CATALOGING SOURCE
Original cataloging agency BD-JhCC
Modifying agency BD-JhCC
041 ## - LANGUAGE CODE
Language code of Book ben
082 ## - DEWEY DECIMAL CLASSIFICATION NUMBER
Classification number 940.2
Author mark and Year ALI 1964
100 ## - MAIN ENTRY--PERSONAL NAME
Personal name আলী, কে ।
245 ## - TITLE STATEMENT
Title আধুনিক ইউরোপের পরিচয় (১৪৫৩-১৯৪৭) /
Statement of responsibility, etc অধ্যাপক কে,আল্‌এম,এ ।
260 ## - PUBLICATION, DISTRIBUTION, ETC. (IMPRINT)
Place of publication, distribution, etc ঢাকা :
Name of publisher, distributor, etc আলী পাবলিকেশন্স ;
Date of publication, distribution, etc 1964.
300 ## - PHYSICAL DESCRIPTION
Pagination 283 p. :
Dimensions 17 cm.
651 ## - SUBJECT ADDED ENTRY--GEOGRAPHIC NAME
Geographic name Europe.
942 ## - ADDED ENTRY ELEMENTS (KOHA)
Source of classification or shelving scheme Dewey Decimal Classification
Koha item type Books
Holdings
Source of classification or shelving scheme Damaged status Not for loan Home library Current library Shelving location Cost, normal purchase price Total Checkouts Full call number Barcode Date last seen Copy number Koha item type
Dewey Decimal Classification     JCC Rouf Library JCC Rouf Library General Stacks 4.75   940.2 ALI 1964 12368 03/13/2018 C - 1 Books

JCC Library | Contacts | JCC Home

Last Update on 23 September 2017
Copyright @ 2017-2020 JCC Rouf Library
Rouf Library, Jhenidah Cadet College (JCC), Bangladesh